| 000 | 00503nam a2200181Ia 4500 | ||
|---|---|---|---|
| 003 | GCL | ||
| 008 | 140319s9999 xx 000 0 eng d | ||
| 040 |
_aGCL / _cGCL |
||
| 082 | 0 | 4 |
_a664.028 _bK P |
| 100 | 1 | _aKORDYLAS, J. MOUD | |
| 245 | 1 | 0 |
_aPROCESSING AND PRESERVATION OF TROPICAL AND SUBTROPICAL FOODS / _cKORDYLAS, J. MOUD |
| 260 |
_a[S.N] : _bELBS WITH MACMILLAN ، _c1991 |
||
| 300 | _a414 P | ||
| 650 | 0 | 4 | _aTROPICAL CROPS |
| 650 | 0 | 4 | _aFOOD |
| 650 | 0 | 4 | _aFOOD PRESERVATION |
| 942 |
_2ddc _cBK |
||
| 999 |
_c19957 _d19957 |
||